[Event "Mittelfranken-chTB2a 0809"]
[Site "Mittelfranken"]
[Date "2009.01.25"]
[Round "5.6"]
[White "Pannek, Matthias"]
[Black "Weiss, Michael"]
[Result "1/2-1/2"]
[WhiteElo "1923"]
[BlackElo "1941"]
[PlyCount "94"]
[EventDate "2008.10.12"]
[EventType "team"]
[EventRounds "9"]
[EventCountry "GER"]
[SourceTitle "EXT 2011"]
[Source "ChessBase"]
[SourceDate "2010.11.26"]
[SourceVersion "1"]
[SourceVersionDate "2010.11.26"]
[SourceQuality "1"]
[WhiteTeam "Nuernberg SK 1911"]
[BlackTeam "Erlangen SC II"]
[WhiteTeamCountry "GER"]
[BlackTeamCountry "GER"]

1. Nc3 d5 2. e4 e6 3. Nf3 Bb4 4. a3 Bxc3 5. dxc3 Nf6 6. e5 Nfd7 7. Bg5 f6 8. exf6 Nxf6 9. Qd4 Nbd7 10. Ne5 c5 11. Qe3 Nxe5 12. Qxe5 0-0 13. 0-0-0 Qb6 14. f3 Bd7 15. h4 Rae8 16. Rh3 Bc6 17. Bxf6 Rxf6 18. Rg3 Rf7 19. Rg4 Qc7 20. Re1 Qxe5 21. Rxe5 Rf5 22. Rg5 h6 23. Rgxf5 exf5 24. Rxe8+ Bxe8 25. f4 Bf7 26. Kd2 Kf8 27. b4 b6 28. bxc5 bxc5 29. c4 d4 30. c3 dxc3+ 31. Kxc3 Ke7 32. Be2 Be8 33. Bf3 g6 34. g3 Kf6 35. Kd3 Ba4 36. Kc3 g5 37. Kb2 gxh4 38. gxh4 Be8 39. Kb3 Ke7 40. Kc3 Kd6 41. Kb3 Kc7 42. Kc3 Kb6 43. Bd5 Bh5 44. Be6 Bg4 45. Bf7 Kc7 46. Bg6 Kd7 47. Kd2 Ke7 1/2-1/2

[Event "Mittelfranken-chTB2a 0809"]
[Site "Mittelfranken"]
[Date "2008.12.07"]
[Round "3.4"]
[White "Justi, Fabian"]
[Black "Pannek, Matthias"]
[Result "0-1"]
[WhiteElo "1770"]
[BlackElo "1923"]
[PlyCount "76"]
[EventDate "2008.10.12"]
[EventType "team"]
[EventRounds "9"]
[EventCountry "GER"]
[SourceTitle "EXT 2011"]
[Source "ChessBase"]
[SourceDate "2010.11.26"]
[SourceVersion "1"]
[SourceVersionDate "2010.11.26"]
[SourceQuality "1"]
[WhiteTeam "Forchheim III"]
[BlackTeam "Nuernberg SK 1911"]
[WhiteTeamCountry "GER"]
[BlackTeamCountry "GER"]

1. e4 c5 2. Nc3 Nc6 3. g3 g6 4. Bg2 Bg7 5. d3 Nf6 6. f4 d6 7. Nf3 0-0 8. 0-0 Bd7 9. Nh4 Bg4 10. Qe1 Nd4 11. Qf2 Bd7 12. h3 Bc6 13. g4 e6 14. Nd1 Nd7 15. c3 Ne2+ 16. Qxe2 Qxh4 17. f5 exf5 18. gxf5 Rae8 19. Rf4 Qe7 20. Ne3 Nf6 21. Qf2 Rd8 22. Nd5 Bxd5 23. exd5 Qe5 24. Bd2 Nxd5 25. Re1 Nxf4 26. Rxe5 dxe5 27. Bxf4 exf4 28. Qxc5 Rxd3 29. Qxa7 Re8 30. Qa4 Re1+ 31. Kf2 Red1 32. Qa8+ Bf8 33. b4 R1d2+ 34. Kf1 f3 35. Bxf3 Rxf3+ 36. Ke1 Rh2 37. fxg6 hxg6 38. Qa7 Rxc3 0-1

[Event "Mittelfranken-chTB2a 0809"]
[Site "Mittelfranken"]
[Date "2008.10.26"]
[Round "2.6"]
[White "Pannek, Matthias"]
[Black "Kollitz, Carsten"]
[Result "1-0"]
[WhiteElo "1923"]
[BlackElo "1562"]
[PlyCount "47"]
[EventDate "2008.10.12"]
[EventType "team"]
[EventRounds "9"]
[EventCountry "GER"]
[SourceTitle "EXT 2011"]
[Source "ChessBase"]
[SourceDate "2010.11.26"]
[SourceVersion "1"]
[SourceVersionDate "2010.11.26"]
[SourceQuality "1"]
[WhiteTeam "Nuernberg SK 1911"]
[BlackTeam "Cadolzburg"]
[WhiteTeamCountry "GER"]
[BlackTeamCountry "GER"]

1. Nc3 d5 2. e4 dxe4 3. Nxe4 Nf6 4. Nxf6+ gxf6 5. Bc4 Nc6 6. d3 e5 7. a3 Bc5 8. Be3 Qe7 9. Qf3 Nd4 10. Bxd4 Bxd4 11. 0-0-0 Rb8 12. Ne2 Bc5 13. Nc3 f5 14. Rhe1 Qg5+ 15. Kb1 f6 16. d4 Bd6 17. dxe5 fxe5 18. Qd5 Qe7 19. Nb5 Kd7 20. Rxe5 Qf8 21. Rxf5 Qh6 22. Qf7+ Kc6 23. Rf6 Qxh2 24. Qxc7# 1-0

[Event "Mittelfrankenliga-B1 0708"]
[Site "Mittelfranken"]
[Date "2008.01.27"]
[Round "5.7"]
[White "Pannek, Matthias"]
[Black "Kelm, Klaus"]
[Result "1-0"]
[WhiteElo "1923"]
[BlackElo "1923"]
[PlyCount "133"]
[EventDate "2007.10.14"]
[EventType "team-tourn"]
[EventRounds "9"]
[EventCountry "GER"]
[SourceTitle "EXT 2011"]
[Source "ChessBase"]
[SourceDate "2010.11.26"]
[SourceVersion "1"]
[SourceVersionDate "2010.11.26"]
[SourceQuality "1"]
[WhiteTeam "Nuernberg SK 1911"]
[BlackTeam "Nuernberg NT IV"]
[WhiteTeamCountry "GER"]
[BlackTeamCountry "GER"]

1. Nc3 c5 2. e4 d6 3. f4 Nc6 4. Nf3 g6 5. Bc4 Bg7 6. 0-0 e6 7. d3 Nge7 8. Qe1 0-0 9. f5 d5 10. Bb3 c4 11. dxc4 d4 12. Ne2 exf5 13. Ng3 fxe4 14. Nxe4 h6 15. Bf4 Nf5 16. Qd2 Qa5 17. Rad1 Ne3 18. Bxe3 dxe3 19. Qxe3 Be6 20. c3 Ne5 21. Nxe5 Qxe5 22. Rde1 b6 23. Nf6+ Bxf6 24. Qxe5 Bxe5 25. Rxe5 Rac8 26. Rf4 Rc7 27. Rd4 Rfc8 28. Ree4 Kg7 29. Kf2 Rc5 30. Rf4 R8c7 31. Rd8 Bxc4 32. Bxc4 Rxc4 33. Rxc4 Rxc4 34. Rd7 a5 35. Rd5 Rc6 36. Ke2 f5 37. Kd3 Kf6 38. b3 g5 39. c4 f4 40. a3 Re6 41. Rb5 g4 42. Rd5 f3 43. gxf3 gxf3 44. Rd8 Ke7 45. Rd4 f2 46. Rf4 Re1 47. Rxf2 Ra1 48. a4 Rd1+ 49. Ke4 Ke6 50. Rg2 Re1+ 51. Kf4 Kf6 52. Rd2 Re6 53. Rd5 Rc6 54. Ke4 Ke7 55. Kd4 Rg6 56. Rb5 Rd6+ 57. Rd5 Rg6 58. c5 Rg4+ 59. Kc3 bxc5 60. Rxc5 Rh4 61. Rxa5 Rxh2 62. Rc5 Kd6 63. Kb4 h5 64. a5 h4 65. a6 Ra2 66. Rh5 Kc7 67. Kb5 1-0

[Event "Mittelfrankenliga-B1 0607"]
[Site "Mittelfranken"]
[Date "2007.03.25"]
[Round "8.5"]
[White "Pannek, Matthias"]
[Black "Kaiser, Harald"]
[Result "1/2-1/2"]
[WhiteElo "1915"]
[BlackElo "2023"]
[PlyCount "69"]
[EventDate "2006.10.22"]
[EventType "team-tourn"]
[EventRounds "9"]
[EventCountry "GER"]
[SourceTitle "EXT 2011"]
[Source "ChessBase"]
[SourceDate "2010.11.26"]
[SourceVersion "1"]
[SourceVersionDate "2010.11.26"]
[SourceQuality "1"]
[WhiteTeam "Nuernberg SK 1911"]
[BlackTeam "Bechhofen"]
[WhiteTeamCountry "GER"]
[BlackTeamCountry "GER"]

1. Nc3 d6 2. d4 Nf6 3. e4 e5 4. Nf3 Nbd7 5. Bc4 Be7 6. Ng5 0-0 7. Bxf7+ Rxf7 8. Ne6 Qe8 9. Nxc7 Qd8 10. Nxa8 b6 11. Be3 Ba6 12. dxe5 dxe5 13. Nxb6 axb6 14. a3 Qa8 15. f3 Nc5 16. Qd2 Bc4 17. b4 Ne6 18. Ne2 Qa6 19. c3 Bf8 20. Qb2 Rd7 21. a4 g6 22. a5 bxa5 23. Rxa5 Qd6 24. Qd2 Qc7 25. Qc1 Bxe2 26. Kxe2 Qc4+ 27. Kf2 Rd3 28. Bd2 Nf4 29. g3 Rxc3 30. Bxf4 Rxc1 31. Rxc1 Qd4+ 32. Be3 Qb2+ 33. Kf1 Qxb4 34. Ra8 Qb5+ 35. Kg1 1/2-1/2

[Event "Mittelfrankenliga-B1 0607"]
[Site "Mittelfranken"]
[Date "2006.10.22"]
[Round "1.6"]
[White "Petzold, Vinzenz"]
[Black "Pannek, Matthias"]
[Result "1-0"]
[WhiteElo "2053"]
[BlackElo "1915"]
[PlyCount "121"]
[EventDate "2006.10.22"]
[EventType "team-tourn"]
[EventRounds "9"]
[EventCountry "GER"]
[SourceTitle "EXT 2011"]
[Source "ChessBase"]
[SourceDate "2010.11.26"]
[SourceVersion "1"]
[SourceVersionDate "2010.11.26"]
[SourceQuality "1"]
[WhiteTeam "Erlangen SC"]
[BlackTeam "Nuernberg SK 1911"]
[WhiteTeamCountry "GER"]
[BlackTeamCountry "GER"]

1. d4 d5 2. c4 e6 3. Nc3 Nf6 4. cxd5 exd5 5. Bg5 Be7 6. e3 0-0 7. Bd3 c6 8. Qc2 Nbd7 9. Nge2 Re8 10. 0-0-0 Nf8 11. Kb1 Ne4 12. Bxe7 Nxc3+ 13. Nxc3 Qxe7 14. h3 Be6 15. Ne2 Rec8 16. Rc1 Rc7 17. Nf4 Rac8 18. Nxe6 fxe6 19. Qc5 Qxc5 20. Rxc5 Nd7 21. Rc3 c5 22. dxc5 Rxc5 23. Rxc5 Rxc5 24. Rc1 Kf7 25. f4 h6 26. Rxc5 Nxc5 27. Kc2 Kf6 28. b4 Nd7 29. Bb5 Nb6 30. Kc3 a6 31. Bd3 e5 32. g3 Nd7 33. a4 Ke6 34. g4 Kd6 35. Bf5 Nf6 36. Kd3 exf4 37. exf4 g5 38. fxg5 hxg5 39. Kd4 Ng8 40. Bc8 b6 41. Bxa6 Ne7 42. Bb7 Ng6 43. Bxd5 Nf4 44. Bf3 Nxh3 45. a5 bxa5 46. bxa5 Kc7 47. Kc5 Nf4 48. a6 Ne6+ 49. Kd5 Nf4+ 50. Ke5 Kb6 51. Bb7 Nh3 52. Kf5 Ka7 53. Bg2 Nf2 54. Bf1 Nd1 55. Kxg5 Ne3 56. Be2 Kb6 57. Kf4 Nd5+ 58. Ke5 Ne7 59. g5 Nc6+ 60. Kf6 Nd4 61. Bf1 1-0

[Event "Mittelfrankenliga-B1 0506"]
[Site "Germany"]
[Date "2006.04.02"]
[Round "8.7"]
[White "Pannek, Matthias"]
[Black "Heller, Michael"]
[Result "1-0"]
[WhiteElo "1953"]
[BlackElo "1707"]
[PlyCount "29"]
[EventDate "2005.10.16"]
[EventType "team"]
[EventRounds "9"]
[EventCountry "GER"]
[SourceTitle "EXT 2007"]
[Source "ChessBase"]
[SourceDate "2006.11.23"]
[SourceVersion "1"]
[SourceVersionDate "2006.11.23"]
[SourceQuality "1"]

1. Nc3 c5 2. e4 Nc6 3. f4 e6 4. Nf3 Be7 5. b3 d6 6. Bb2 Nf6 7. g3 0-0 8. Bg2 a6 9. a4 Rb8 10. d3 Qc7 11. 0-0 b5 12. Re1 b4 13. Nb1 h6 14. Nbd2 d5 15. Ne5 1-0